Makroekonomické toky v otvorenej ekonomike

Zložky matice spoločenského účtovníctva otvorenej ekonomiky. Otvorená ekonomika. Účtovné zobrazenie otvorenej ekonomiky. Maticové zobrazenie otvorenej ekonomiky. Rozdelenie príjmov medzi inštitúcie. Maticové zobrazenie otvorenej ekonomiky po vyčlenení inštitúcií. Maticové zobrazenie otvorenej ekonom...

Description complète

Enregistré dans:
Détails bibliographiques
Auteur principal: Macák, Michal
Format: Chapitre de livre
Langue:slovaque
Sujets:
Tags: Ajouter un tag
Pas de tags, Soyez le premier à ajouter un tag!

MARC

LEADER 00000nla$a2200000$$$4500
001 0048304
005 20221128094906.8
041 0 |a slo 
044 |a SK 
245 1 0 |a Makroekonomické toky v otvorenej ekonomike  |c Michal Macák 
520 |a Zložky matice spoločenského účtovníctva otvorenej ekonomiky. Otvorená ekonomika. Účtovné zobrazenie otvorenej ekonomiky. Maticové zobrazenie otvorenej ekonomiky. Rozdelenie príjmov medzi inštitúcie. Maticové zobrazenie otvorenej ekonomiky po vyčlenení inštitúcií. Maticové zobrazenie otvorenej ekonomiky po vyčlenení výrobných faktorov. Maticové zobrazenie otvorenej ekonomiky po zmene zdaňovania a zavedení trnasferových platieb. 
610 2 0 |a ekonometria 
610 2 0 |a makroekonomika 
610 2 0 |a účtovníctvo 
610 2 0 |a matice 
610 2 0 |a príjmy 
610 2 0 |a výdavky 
610 2 0 |a úspory 
610 2 0 |a domácnosti 
610 2 0 |a organizácie 
610 2 0 |a dane 
610 2 0 |a tovar 
100 1 |a Macák, Michal